[Event "Titled Tue 3rd Jan Late"]
[Site "chess.com INT"]
[Date "2025.06.03"]
[Round "9"]
[White "Bogaudinov, Rushan"]
[Black "Walmer, Benjamin"]
[Result "1/2-1/2"]
[WhiteTitle "FM"]
[WhiteElo "1912"]
[BlackElo "1990"]
[WhiteFideId "4129288"]
[BlackFideId "30958164"]
[EventDate "2025.06.03"]

1. d4 d5 2. Nf3 Nf6 3. e3 Bf5 4. c4 c6 5. Nc3 e6 6. Be2 h6 7. O-O Nbd7 8. a3 a5
9. c5 Qc7 10. b3 e5 11. dxe5 Nxe5 12. Bb2 Nxf3+ 13. Bxf3 Bxc5 14. Rc1 Qe7 15. a4
O-O 16. Ne2 Ne4 17. Ng3 Bg6 18. Nxe4 dxe4 19. Be2 Rfd8 20. Qc2 Bb4 21. Rfd1 Kh7
22. h3 f5 23. Bd4 Bf7 24. Bb6 Rd5 25. Bc4 Rxd1+ 26. Rxd1 Rf8 27. Bxf7 Rxf7 28.
Qc4 Qf6 29. Bd4 Qg6 30. Be5 Re7 31. Bf4 Qf7 32. Rd8 Qxc4 33. bxc4 g5 34. Bd6
Bxd6 35. Rxd6 Kg7 36. h4 f4 37. h5 fxe3 38. fxe3 Rf7 39. Re6 Rd7 40. Rxe4 Kf6
41. Kf2 Rd2+ 42. Kf3 Ra2 43. c5 Rc2 44. Rd4 Rxc5 45. Rd6+ Kg7 46. Rd7+ Kf6 47.
Rxb7 g4+ 48. Kxg4 Rc4+ 49. Kf3 Rxa4 50. Rb6 Kg5 51. Rxc6 Kxh5 52. Rc5+ Kg6 53.
g4 Ra1 54. Rc6+ Kg5 55. Rc5+ Kg6 56. Kf4 Rf1+ 57. Kg3 a4 58. Ra5 Ra1 59. Kf4
Rf1+ 60. Kg3 Re1 61. Rxa4 Rxe3+ 62. Kh4 Re6 63. Ra5 Rb6 64. Rc5 Ra6 65. Rb5 Rc6
66. Ra5 Rb6 67. Rd5 Re6 68. Rc5 Rd6 69. Rb5 Rf6 70. Re5 Rb6 71. Rd5 Ra6 72. Rc5
Ra1 73. Rc6+ Kg7 74. Rc7+ Kf6 75. Rc6+ Kg7 76. Rc7+ Kg6 77. Rc6+ Kh7 78. Rc7+
Kg8 79. Kh5 Ra6 80. Rb7 Kh8 81. Rc7 Kg8 82. Rb7 Kh8 83. Rd7 Rc6 84. Re7 Kg8 85.
Rb7 Ra6 86. Rc7 Rb6 87. Rd7 Re6 88. Ra7 Rb6 89. Rc7 Kh8 90. Rd7 Rc6 91. Rb7 Ra6 1/2-1/2

[Event "Titled Tue 3rd Jan Late"]
[Site "chess.com INT"]
[Date "2025.06.03"]
[Round "9"]
[White "Asish Panda"]
[Black "Gabrielian, Artur"]
[Result "1/2-1/2"]
[BlackTitle "GM"]
[WhiteElo "1911"]
[BlackElo "2419"]
[WhiteFideId "45012458"]
[BlackFideId "4131002"]
[EventDate "2025.06.03"]

1. e4 c5 2. Nf3 d6 3. d4 cxd4 4. Qxd4 Nc6 5. Bb5 Bd7 6. Bxc6 Bxc6 7. c4 f5 8.
Nc3 fxe4 9. Nxe4 e5 10. Qd3 Nf6 11. Neg5 e4 12. Qe2 h6 13. Nh3 Be7 14. Nd4 Qd7
15. Nf4 O-O 16. Be3 a6 17. Rd1 Rf7 18. h3 Re8 19. O-O Bd8 20. b3 Kh7 21. Nh5 Re5
22. Nxf6+ Bxf6 23. Bf4 Re8 24. Nxc6 bxc6 25. Rxd6 Qf5 26. Bg3 Re6 27. Rxe6 Qxe6
28. Rd1 c5 29. Rd6 Qe7 30. Qg4 e3 31. Re6 exf2+ 32. Bxf2 Qd7 33. Qe4+ g6 34. Qd5
Qc8 35. Rc6 Qe8 36. Re6 Qc8 37. Bxc5 Bg7 38. Bf2 Qf8 39. Re2 Rf5 40. Qe4 Re5 41.
Qd3 Rf5 42. c5 Qf6 43. c6 Qxc6 44. Qc4 Qf6 45. Re8 h5 46. Qg8+ Kh6 47. Be3+ Rf4
48. Bxf4+ Qxf4 49. Qe6 Qc1+ 50. Qe1 Qc5+ 51. Kh1 Kh7 52. Re7 Qd4 53. Qe3 Qa1+
54. Qe1 Qf6 55. Re6 Qb2 56. a4 Qxb3 57. Re4 Qb2 58. Qe2 Qa1+ 59. Qe1 Qf6 60. h4
Qf5 61. g3 a5 62. Kh2 Qf3 63. Qe2 Qb3 64. Re7 Qc3 65. Qe3 Qb2+ 66. Qe2 Qf6 67.
Re8 Qf7 68. Re6 Qf5 69. Re4 Qf7 70. Qe3 Qa2+ 71. Qe2 Qf7 72. Kg2 Qd5 73. Qf3
Qd2+ 74. Re2 Qd4 75. Qe4 Qd6 76. Rf2 Qc5 77. Rc2 Qd6 78. Re2 Qf6 79. Kh2 Qf7 80.
Qe7 Qf5 81. Qe4 Qf7 82. Rc2 Qf6 83. Re2 Qc3 84. Qg2 Qf6 85. Re4 Qc3 86. Qe2 Qc5
87. Re7 Qf5 88. Kg2 Qf6 89. Qe4 Qb2+ 90. Kh3 Qf6 91. Qe2 Qf5+ 92. Kh2 Qd5 93.
Re4 Qf7 1/2-1/2

[Event "Titled Tue 3rd Jan Late"]
[Site "chess.com INT"]
[Date "2025.06.03"]
[Round "9"]
[White "Garcia, Jhoel"]
[Black "Tekeyev, Zaur"]
[Result "1/2-1/2"]
[WhiteTitle "IM"]
[BlackTitle "IM"]
[WhiteElo "2304"]
[BlackElo "2417"]
[WhiteFideId "3801110"]
[BlackFideId "4199731"]
[EventDate "2025.06.03"]

1. e4 c5 2. Nf3 d6 3. d4 cxd4 4. Nxd4 Nf6 5. Nc3 a6 6. Bc4 e6 7. Bb3 b5 8. O-O
Be7 9. Qf3 Qb6 10. Be3 Qb7 11. Qg3 O-O 12. Bh6 Ne8 13. Nd5 exd5 14. Bxd5 Qa7 15.
Be3 Bf6 16. Nf5 Qc7 17. Bxa8 Bxf5 18. exf5 Bxb2 19. Rad1 Be5 20. Qf3 Nd7 21. Qc6
Ndf6 22. Bd4 Bxd4 23. Rxd4 Qa5 24. a4 bxa4 25. Qxa4 Qxf5 26. Bf3 Qc5 27. Rfd1
Nc7 28. Rxd6 Nb5 29. Rd8 Nc3 30. Rxf8+ Qxf8 31. Qxa6 Nxd1 32. Bxd1 h5 33. h3 Qc5
34. Qd3 g6 35. Bf3 Kg7 36. g3 h4 37. g4 Nh7 38. Kg2 Ng5 39. c3 Ne6 40. Kf1 Kg8
41. Qe3 Qd6 42. c4 Qh2 43. Bg2 Nf4 44. Qf3 Ne6 45. Qa8+ Kg7 46. Qf3 Qd6 47. Qc3+
Kg8 48. Bd5 Nc5 49. Qe3 Kf8 50. Qf3 Qe7 51. Kg2 Kg7 52. Qe3 Qd6 53. Qd4+ Kh7 54.
g5 Ne6 55. Qxh4+ Kg8 56. Bxe6 Qxe6 57. Qf4 Qc6+ 58. f3 Qd7 59. Kg3 Qa4 60. Qb8+
Kg7 61. Qb2+ Kg8 62. Qc3 Qc6 63. c5 Qc7+ 64. f4 Qc6 65. Qd4 Qb5 66. Qd8+ Kh7 67.
Qe7 Qd3+ 68. Kf2 Qd2+ 69. Kf3 Qd3+ 70. Qe3 Qd5+ 71. Kg3 Qd1 72. Qc3 Qg1+ 73. Kf3
Qh1+ 74. Ke3 Qxh3+ 75. Kd4 Qd7+ 76. Kc4 Qa4+ 77. Kd5 Qd7+ 78. Ke4 Qc6+ 79. Ke5
Qe6+ 80. Kd4 Qd7+ 81. Kc4 Qa4+ 82. Qb4 Qa6+ 83. Kd4 Qc6 84. Qc4 Kg8 85. Qd5 Qa4+
86. Ke5 Qe8+ 87. Kd4 Qa4+ 88. Ke5 Qe8+ 89. Kd6 Qd8+ 90. Ke5 Qe8+ 1/2-1/2

[Event "Titled Tue 3rd Jan Late"]
[Site "chess.com INT"]
[Date "2025.06.03"]
[Round "9"]
[White "Rustemov, Alexander"]
[Black "Vlassov, Nikolai"]
[Result "1/2-1/2"]
[WhiteTitle "GM"]
[BlackTitle "IM"]
[WhiteElo "2525"]
[BlackElo "2291"]
[WhiteFideId "4119002"]
[BlackFideId "4103360"]
[EventDate "2025.06.03"]

1. Nf3 f5 2. d4 Nf6 3. g3 g6 4. Bg2 Bg7 5. O-O O-O 6. c4 d6 7. Nc3 Qe8 8. d5 a5
9. Be3 Na6 10. Qd2 Bd7 11. Bh6 c6 12. Bxg7 Kxg7 13. Nd4 Nc5 14. b3 cxd5 15. Nxd5
Nxd5 16. Bxd5 Bc6 17. Rac1 Bxd5 18. cxd5 Kg8 19. Ne6 Nxe6 20. dxe6 Qb5 21. Rc7
Rae8 22. Qe3 Rf6 23. Rfc1 Qd5 24. Qf3 Qxf3 25. exf3 Rxe6 26. Rxb7 Re2 27. a4 Rb2
28. Rcc7 Kf7 29. f4 Kf6 30. Kg2 h6 31. h4 d5 32. Rc6+ Kf7 33. Rc5 Rd8 34. Rcc7
Re8 35. Kf3 d4 36. Rd7 Rd2 37. h5 gxh5 38. Rd5 Rc8 39. Rxf5+ Kg6 40. Rd5 Rcc2
41. Rb6+ Kg7 42. Ke4 Rxf2 43. Kxd4 Rcd2+ 44. Kc4 Rxd5 45. Kxd5 Rf3 46. Ke4 Rxg3
47. Rb5 h4 48. Rxa5 Rxb3 49. Rh5 h3 50. a5 Kg6 51. Rh4 Ra3 52. a6 Ra4+ 53. Ke5
Ra5+ 54. Ke4 Ra4+ 55. Ke5 Ra5+ 56. Ke4 Rxa6 57. Rxh3 Ra4+ 58. Ke5 Ra5+ 59. Ke6
Ra6+ 60. Kxe7 Kf5 61. Rh4 h5 62. Kf7 Ra7+ 63. Kg8 Kg6 64. Kf8 Kf6 65. Ke8 Kf5
66. Rxh5+ Kxf4 67. Rc5 Ra4 68. Rc7 Re4+ 69. Kd7 Rd4+ 70. Kc8 Ke4 71. Re7+ Kd5
72. Rd7+ Kc4 73. Rc7+ Kd3 74. Rb7 Rc4+ 75. Kd7 Kc3 76. Ke6 Rb4 77. Rc7+ Rc4 78.
Rh7 Rc6+ 79. Kd5 Rg6 80. Rh3+ Kb4 81. Rh4+ Kb5 82. Rh1 Rg5+ 83. Kd4 Rg4+ 84. Kd3
Rg3+ 85. Ke4 Rg4+ 86. Kf5 Rc4 87. Rd1 Kc5 88. Ke5 Rc3 89. Rd8 Re3+ 90. Kf4 Rc3
91. Rc8+ Kd4 92. Rd8+ Kc4 93. Ke4 Kb3 94. Kd4 Rc4+ 95. Kd3 Rc3+ 96. Kd2 Rc2+ 97.
Kd1 Rc4 98. Kd2 Rc2+ 99. Kd3 Rc3+ 100. Kd4 Rc4+ 101. Kd5 Rb4 102. Rh8 Rb5+ 103.
Kd4 Rb4+ 104. Kd3 Rb7 105. Rd8 Kb4 106. Rd5 Rc7 107. Kd4 Rc4+ 108. Kd3 Rc3+ 109.
Kd2 Rc4 110. Rd3 Kc5 111. Rc3 Rxc3 112. Kxc3 1/2-1/2

[Event "Titled Tue 3rd Jan Late"]
[Site "chess.com INT"]
[Date "2025.06.03"]
[Round "9"]
[White "Galchenko, Matvey"]
[Black "Popov, Konstantin"]
[Result "1-0"]
[WhiteTitle "IM"]
[BlackTitle "FM"]
[WhiteElo "2442"]
[BlackElo "2378"]
[WhiteFideId "24175480"]
[BlackFideId "34137910"]
[EventDate "2025.06.03"]

1. e4 c5 2. c3 d5 3. exd5 Qxd5 4. d4 g6 5. Nf3 Bg7 6. Nbd2 cxd4 7. Bc4 Qd8 8.
Nxd4 Nf6 9. O-O O-O 10. Re1 a6 11. a4 Nbd7 12. a5 e5 13. N4f3 Qc7 14. Qb3 h6 15.
h3 e4 16. Nd4 Nc5 17. Qa3 Nd3 18. Bxd3 exd3 19. N2f3 Bd7 20. Be3 Rfe8 21. Rad1
Qc4 22. Qd6 Ba4 23. b3 Bxb3 24. Nd2 Qd5 25. Qxd5 Bxd5 26. c4 Be6 27. Nxe6 Rxe6
28. Nb3 Rd8 29. Nc5 Rc6 30. Nxb7 Rd7 31. Nc5 Rdc7 32. Nxd3 Rxc4 33. Bb6 Rc8 34.
Ne5 Rc2 35. Re3 Rc1 36. Rd3 Rxd1+ 37. Rxd1 Ne4 38. Nd7 Nc3 39. Rd2 Ne4 40. Re2
f5 41. g3 Bc3 42. Kg2 Kf7 43. f3 Nd6 44. Nc5 Bxa5 45. Bxa5 Rxc5 46. Bb4 Rd5 47.
Ra2 Nc4 48. Rxa6 Rd3 49. Ra7+ Ke8 50. Ra6 Ne3+ 51. Kf2 Nd5 52. Bc5 Kf7 53. Ra7+
Kf6 54. Ra6+ Kf7 55. Ra7+ Kf6 56. Bf8 Nc3 57. Bg7+ Ke6 58. Bxh6 Nd5 59. Ra6+ Kf7
60. Bg5 Rb3 61. Ra7+ Ke6 62. g4 f4 63. Ra2 Ke5 64. Re2+ Kd6 65. h4 Rb4 66. Re1
Rb2+ 67. Re2 Rb3 68. h5 gxh5 69. gxh5 Rb8 70. Rd2 Rg8 71. Bxf4+ Ke6 72. Rd4 Nf6
73. h6 Kf5 74. Bd2 Rh8 75. Rf4+ Ke6 76. Ra4 Nd5 77. Ra6+ Kf5 78. Rd6 Ne7 79. Bc3
Rh7 80. Rf6+ Kg5 81. Re6 Ng6 82. Bd2+ Kf5 83. Ra6 Ne5 84. Ra5 Ke6 85. Ra6+ Kf5
86. Kg3 Nc4 87. Bc1 Ne5 88. Ra5 Ke6 89. Bf4 Nd3 90. Be3 Ne5 91. Kf4 Nc4 92. Ra6+
Kd5 93. Bc1 Rf7+ 94. Kg3 Ne5 95. Ra5+ Ke6 96. Bf4 Ng6 97. Ra6+ Kf5 98. Bd2 Ne5
99. Ra5 Ke6 100. f4 Nc4 101. Ra6+ Kf5 102. Bc1 Rh7 103. Rc6 Ne5 104. Rc5 Rxh6
105. Rxe5+ Kf6 106. Be3 Rg6+ 107. Kf3 Rh6 108. Ra5 Rh1 109. Ke4 Re1 110. Ra6+
Kf7 111. Rh6 Kg7 112. Rh3 Kg6 113. f5+ Kf6 114. Rh6+ Kf7 115. Re6 Rb1 116. Bd4
Rb5 117. Rf6+ Ke7 118. Ra6 Kf7 119. Ra7+ Kf8 120. Kf4 Rb4 121. Ke5 Ke8 122. f6
Rb5+ 123. Ke6 1-0

[Event "Titled Tue 3rd Jan Late"]
[Site "chess.com INT"]
[Date "2025.06.03"]
[Round "10"]
[White "FAWOLE, John Oyeyemi"]
[Black "Diaz Cesar, Wilsaida Pieranlly"]
[Result "1-0"]
[WhiteTitle "FM"]
[BlackTitle "WFM"]
[WhiteElo "1987"]
[BlackElo "1892"]
[WhiteFideId "8501319"]
[BlackFideId "6403557"]
[EventDate "2025.06.03"]

1. e4 e5 2. Nf3 Nc6 3. Bc4 Nf6 4. d3 Bc5 5. O-O d6 6. h3 h6 7. c3 g5 8. d4 exd4
9. cxd4 Bb6 10. Qb3 Qe7 11. e5 Nh5 12. exd6 cxd6 13. Re1 Be6 14. Bxe6 1-0

[Event "Titled Tue 3rd Jan Late"]
[Site "chess.com INT"]
[Date "2025.06.03"]
[Round "10"]
[White "Zieba, Hubert"]
[Black "Gabrielian, Artur"]
[Result "0-1"]
[WhiteTitle "CM"]
[BlackTitle "GM"]
[WhiteElo "2233"]
[BlackElo "2419"]
[WhiteFideId "21844704"]
[BlackFideId "4131002"]
[EventDate "2025.06.03"]

1. d4 Nf6 2. c4 e6 3. g3 d5 4. Bg2 Be7 5. Nf3 O-O 6. O-O a5 7. Nbd2 a4 8. a3 Nc6
9. cxd5 exd5 10. Nb1 Ne4 11. Bf4 Bd7 12. Nfd2 Nxd2 13. Qxd2 Na5 14. Bxd5 Bh3 15.
Bg2 Bxg2 16. Kxg2 Nb3 0-1

[Event "Titled Tue 3rd Jan Late"]
[Site "chess.com INT"]
[Date "2025.06.03"]
[Round "10"]
[White "Bluebaum, Matthias"]
[Black "Deac, Bogdan-Daniel"]
[Result "1/2-1/2"]
[WhiteTitle "GM"]
[BlackTitle "GM"]
[WhiteElo "2660"]
[BlackElo "2668"]
[WhiteFideId "24651516"]
[BlackFideId "1226380"]
[EventDate "2025.06.03"]

1. d4 Nf6 2. c4 e6 3. Nc3 Bb4 4. e3 O-O 5. Bd2 c5 6. a3 Bxc3 7. Bxc3 Ne4 8. Ne2
d5 9. dxc5 dxc4 10. Qd4 Qxd4 11. Bxd4 Nd7 12. Ng3 Nexc5 13. Bxc4 e5 14. Bxc5
Nxc5 15. Rc1 Be6 16. Ke2 Rfd8 17. Bxe6 Nxe6 18. Ne4 Kf8 19. Nc5 Ke7 20. Nxe6
Kxe6 21. Rc7 Rd7 22. Rxd7 Kxd7 23. Rc1 Re8 24. Rd1+ Kc7 25. Rc1+ Kd7 26. Rd1+
Kc7 27. Rc1+ Kd7 1/2-1/2

[Event "Titled Tue 3rd Jan Late"]
[Site "chess.com INT"]
[Date "2025.06.03"]
[Round "10"]
[White "Povshednyi, Ivan"]
[Black "Loskutova, Viktoriya"]
[Result "1-0"]
[WhiteTitle "FM"]
[BlackTitle "WFM"]
[WhiteElo "2320"]
[BlackElo "2066"]
[WhiteFideId "14190907"]
[BlackFideId "34166278"]
[EventDate "2025.06.03"]

1. d4 Nf6 2. c4 g6 3. Nc3 Bg7 4. e4 d6 5. Nf3 O-O 6. Be2 Na6 7. O-O e5 8. Re1
Re8 9. Bf1 exd4 10. Nxd4 c6 11. f3 Nc7 12. Bf4 d5 13. cxd5 cxd5 14. Ndb5 Nxb5
15. Bxb5 Nh5 16. Bxe8 Nxf4 17. Nxd5 1-0

[Event "Titled Tue 3rd Jan Late"]
[Site "chess.com INT"]
[Date "2025.06.03"]
[Round "10"]
[White "Reprintsev, Alexander"]
[Black "Ugarte Soto, Cesar"]
[Result "1-0"]
[WhiteTitle "IM"]
[BlackTitle "CM"]
[WhiteElo "2256"]
[BlackElo "2088"]
[WhiteFideId "14100541"]
[BlackFideId "3601331"]
[EventDate "2025.06.03"]

1. e4 c5 2. b3 Nf6 3. e5 Nd5 4. Nc3 Nxc3 5. dxc3 g6 6. Nf3 Bg7 7. Bc4 O-O 8. O-O
a6 9. a4 Nc6 10. Bf4 Qa5 11. Re1 Qxc3 12. Bd2 Qb2 13. Rb1 Qa3 14. Bc3 a5 15. Ra1 1-0

[Event "Titled Tue 3rd Jan Late"]
[Site "chess.com INT"]
[Date "2025.06.03"]
[Round "10"]
[White "Goryachkina, Aleksandra"]
[Black "Materia, Marco"]
[Result "0-1"]
[WhiteTitle "GM"]
[BlackTitle "IM"]
[WhiteElo "2544"]
[BlackElo "2489"]
[WhiteFideId "4147103"]
[BlackFideId "45150451"]
[EventDate "2025.06.03"]

1. d4 Nf6 2. c4 e6 3. Nf3 d5 4. Nc3 c6 5. Bg5 h6 6. Bxf6 Qxf6 7. e3 Nd7 8. Be2
g6 9. O-O Bg7 10. cxd5 exd5 11. b4 a6 12. a4 Nb6 13. b5 cxb5 14. axb5 a5 15. Ne5
O-O 16. f4 Be6 17. Na4 Nxa4 18. Rxa4 Rfc8 19. Bd3 Bf5 20. Qd2 b6 21. Bxf5 Qxf5
22. Nc6 Re8 23. h3 Qe4 24. Rf3 Qb1+ 0-1

[Event "Titled Tue 3rd Jan Late"]
[Site "chess.com INT"]
[Date "2025.06.03"]
[Round "10"]
[White "Zhigalko, Sergei"]
[Black "Pribelszky, Bence"]
[Result "1-0"]
[WhiteTitle "GM"]
[BlackTitle "IM"]
[WhiteElo "2572"]
[BlackElo "2400"]
[WhiteFideId "13502956"]
[BlackFideId "769738"]
[EventDate "2025.06.03"]

1. e4 c5 2. c3 Nf6 3. e5 Nd5 4. Nf3 e6 5. Bc4 d6 6. d4 cxd4 7. cxd4 Nc6 8. O-O
Be7 9. Bd2 O-O 10. Nc3 Nxc3 11. Bxc3 b6 12. Qe2 Bb7 13. a3 Rc8 14. Bd3 g6 15.
Rfe1 Re8 16. Rad1 Bf8 17. h4 Ne7 18. Ng5 Nf5 19. d5 Nxh4 20. Qg4 Nf5 21. dxe6
fxe6 22. Nxe6 Qh4 23. Bxf5 1-0

[Event "Titled Tue 3rd Jan Late"]
[Site "chess.com INT"]
[Date "2025.06.03"]
[Round "10"]
[White "Dambaev, Dashi"]
[Black "Garzon Zapatanga, Christopher Leonel"]
[Result "0-1"]
[WhiteTitle "CM"]
[BlackTitle "FM"]
[WhiteElo "2211"]
[BlackElo "2168"]
[WhiteFideId "55628494"]
[BlackFideId "3634787"]
[EventDate "2025.06.03"]

1. d4 Nf6 2. c4 e6 3. Nf3 d5 4. Nc3 Be7 5. Bf4 O-O 6. e3 c6 7. Qc2 Nbd7 8. h3
dxc4 9. Bxc4 b5 10. Bd3 Bb7 11. Ne4 c5 12. Nxc5 Bxc5 13. dxc5 Nxc5 14. Bxb5 Qa5+
15. Nd2 Qxb5 16. Bd6 Nd3+ 17. Ke2 Nf4+ 18. Kd1 Qe2+ 19. Kc1 Rfc8 0-1

[Event "Titled Tue 3rd Jan Late"]
[Site "chess.com INT"]
[Date "2025.06.03"]
[Round "10"]
[White "Mirimanian, Hayk"]
[Black "Maglioni, Leonardo"]
[Result "1-0"]
[WhiteTitle "FM"]
[WhiteElo "2237"]
[BlackElo "2069"]
[WhiteFideId "4700180"]
[BlackFideId "2896830"]
[EventDate "2025.06.03"]

1. c4 Nf6 2. Nc3 g6 3. Nf3 Bg7 4. g3 O-O 5. Bg2 d6 6. d4 Nc6 7. d5 Na5 8. Nd2 c5
9. O-O a6 10. a3 Rb8 11. b4 Nxd5 12. Bxd5 Bxc3 13. Rb1 cxb4 14. axb4 e6 15. Bg2
Bxd2 16. Bxd2 Nxc4 17. Bh6 Re8 18. Qd4 Ne5 19. f4 f6 20. fxe5 fxe5 21. Qf2 Qe7
22. Rb3 e4 23. Bxe4 e5 24. Bd5+ Be6 25. Bxe6+ Qxe6 26. Rf3 b6 27. Rf8+ 1-0

[Event "Titled Tue 3rd Jan Late"]
[Site "chess.com INT"]
[Date "2025.06.03"]
[Round "10"]
[White "Arkell, Keith C"]
[Black "Annaberdiyev, Babageldi"]
[Result "0-1"]
[WhiteTitle "GM"]
[BlackTitle "FM"]
[WhiteElo "2342"]
[BlackElo "2208"]
[WhiteFideId "400270"]
[BlackFideId "14000385"]
[EventDate "2025.06.03"]

1. d4 Nf6 2. Nf3 g6 3. c4 Bg7 4. g3 O-O 5. Bg2 d6 6. Nc3 Nc6 7. O-O a6 8. b3 Rb8
9. Nd5 e6 10. Nxf6+ Bxf6 11. Bh6 Bg7 12. Bxg7 Kxg7 13. d5 exd5 14. cxd5 Ne5 15.
Rc1 Bd7 16. Qd4 f6 17. Rc3 Rf7 18. Rfc1 Be8 19. Qd2 Rc8 20. Nd4 Bd7 21. h3 Re7
22. a4 a5 23. R3c2 b6 24. f4 Nf7 25. h4 Nh6 26. e4 Ng4 27. Bh3 Kf7 28. Ne6 Rxe6
29. dxe6+ Bxe6 30. Bxg4 Bxg4 31. Qd5+ Kf8 32. Qb7 c5 33. Rd2 Qe7 34. Re1 Qxb7 0-1

[Event "Titled Tue 3rd Jan Late"]
[Site "chess.com INT"]
[Date "2025.06.03"]
[Round "10"]
[White "Munoz Ramos, Christopher"]
[Black "El Jawich, Amro"]
[Result "1-0"]
[WhiteTitle "FM"]
[BlackTitle "FM"]
[WhiteElo "2133"]
[BlackElo "2307"]
[WhiteFideId "3439615"]
[BlackFideId "5300380"]
[EventDate "2025.06.03"]

1. d4 g6 2. c4 Bg7 3. Nf3 Nf6 4. g3 c5 5. Bg2 cxd4 6. Nxd4 Nc6 7. O-O O-O 8. Nc3
Nxd4 9. Qxd4 d6 10. e4 Be6 11. Qd3 Nd7 12. Be3 Ne5 13. Qc2 Nxc4 14. Bf4 Ne5 15.
Rfd1 Qa5 16. Rac1 Rfc8 17. a3 Rc5 18. b4 Rxc3 19. Qxc3 Qb6 20. Qc2 Rc8 21. Qxc8+
Bxc8 22. Rxc8+ Bf8 23. Bh6 Nd7 24. Rdc1 f5 25. exf5 Kf7 26. Bd5+ Kf6 27. Bxf8
Nxf8 28. Rxf8+ Ke5 29. Be6 g5 30. Re1+ Kd4 31. Rc8 Qa6 32. Rc4+ Kd3 33. Rce4 Qb6
34. R1e3+ Kd2 35. Re2+ Kd3 36. Bc4+ Kc3 37. Bg8 h6 38. Rxe7 Qd4 39. R7e3+ 1-0

[Event "Titled Tue 3rd Jan Late"]
[Site "chess.com INT"]
[Date "2025.06.03"]
[Round "10"]
[White "Mizzi, Jack"]
[Black "Albores, Pablo"]
[Result "1-0"]
[WhiteTitle "CM"]
[BlackTitle "CM"]
[WhiteElo "2086"]
[BlackElo "2220"]
[WhiteFideId "5602521"]
[BlackFideId "105546"]
[EventDate "2025.06.03"]

1. d4 g6 2. c4 Bg7 3. Nf3 c5 4. g3 Nc6 5. d5 Nd4 6. Bg2 Nxf3+ 7. Bxf3 d6 8. h4
h5 9. Nc3 Nf6 10. Bg5 O-O 11. Qd2 a6 12. Bh6 b5 13. Bxg7 Kxg7 14. cxb5 axb5 15.
Nxb5 Ba6 16. Nc3 Rb8 17. b3 c4 18. bxc4 Bxc4 19. O-O Qa5 20. Qd4 Rfc8 21. Rfc1
Qa6 22. e4 Bd3 23. e5 dxe5 24. Qxe5 Qa3 25. Qd4 Bf5 26. Qe5 Rc4 27. Qxb8 Qb2 28.
Qxb2 1-0

[Event "Titled Tue 3rd Jan Late"]
[Site "chess.com INT"]
[Date "2025.06.03"]
[Round "10"]
[White "Gustafsson, Jan"]
[Black "Vaganian, Rafael A"]
[Result "1-0"]
[WhiteTitle "GM"]
[BlackTitle "GM"]
[WhiteElo "2591"]
[BlackElo "2449"]
[WhiteFideId "4625498"]
[BlackFideId "13300016"]
[EventDate "2025.06.03"]

1. Nf3 Nf6 2. c4 e6 3. Nc3 d5 4. e3 Be7 5. b3 O-O 6. Bb2 b6 7. cxd5 Nxd5 8. Nxd5
Qxd5 9. Bc4 Qh5 10. h4 Bb7 11. Be2 Qd5 12. Qc2 c5 13. Ng5 g6 14. Bf3 Qd7 15. Qc3
f6 16. Nxe6 Rf7 17. Ng5 Bxf3 18. gxf3 Rf8 19. Qc4+ Kh8 20. h5 Qf5 21. hxg6 1-0

[Event "Titled Tue 3rd Jan Late"]
[Site "chess.com INT"]
[Date "2025.06.03"]
[Round "10"]
[White "Zlatkov, Anton"]
[Black "Sroczynski, Maciej"]
[Result "1-0"]
[WhiteTitle "FM"]
[BlackTitle "FM"]
[WhiteElo "2322"]
[BlackElo "2236"]
[WhiteFideId "15005402"]
[BlackFideId "1121472"]
[EventDate "2025.06.03"]

1. d4 Nf6 2. Nf3 g6 3. g3 Bg7 4. Bg2 O-O 5. O-O d6 6. c4 Nc6 7. Nc3 a6 8. b3 Rb8
9. a4 Na5 10. Bb2 c5 11. e3 Bg4 12. Qc2 Bxf3 13. Bxf3 Qb6 14. Ra3 e5 15. dxe5
dxe5 16. Nd5 Nxd5 17. Bxd5 Rbd8 18. Rd1 Nc6 19. Raa1 Nb4 20. Qc3 Nxd5 21. cxd5
f5 22. Rac1 Rc8 23. Ba3 e4 24. Qc4 Rfd8 25. Bxc5 Qf6 26. d6+ Kh8 27. Qb4 Bf8 28.
Qxb7 Rb8 29. Qxb8 Rxb8 30. Bd4 1-0

[Event "Titled Tue 3rd Jan Late"]
[Site "chess.com INT"]
[Date "2025.06.03"]
[Round "10"]
[White "Baltabaev, Temirlan"]
[Black "Gharibyan, Mamikon"]
[Result "0-1"]
[WhiteTitle "FM"]
[BlackTitle "GM"]
[WhiteElo "2295"]
[BlackElo "2472"]
[WhiteFideId "4112172"]
[BlackFideId "13308300"]
[EventDate "2025.06.03"]

1. d4 d5 2. Nf3 Nf6 3. c4 e6 4. g3 Be7 5. Bg2 O-O 6. O-O Nbd7 7. Nc3 dxc4 8. Nd2
Nb6 9. e3 c5 10. dxc5 Bxc5 11. Qe2 Qd3 12. Qxd3 cxd3 13. Rd1 Rd8 14. Nb3 Bb4 15.
Nb5 Bd7 16. a4 a6 17. Nc3 Bxc3 18. bxc3 Bxa4 19. Rb1 Nc4 20. Bf1 Na5 21. Nxa5
Bxd1 22. Bd2 Bc2 23. Rxb7 Ne4 24. Bc1 d2 25. Bxd2 Rxd2 26. Bxa6 Nc5 0-1

[Event "Titled Tue 3rd Jan Late"]
[Site "chess.com INT"]
[Date "2025.06.03"]
[Round "10"]
[White "Yilmaz, Baver"]
[Black "Garcia, Jhoel"]
[Result "1-0"]
[WhiteTitle "FM"]
[BlackTitle "IM"]
[WhiteElo "2233"]
[BlackElo "2304"]
[WhiteFideId "26363542"]
[BlackFideId "3801110"]
[EventDate "2025.06.03"]

1. e4 c5 2. Nf3 a6 3. Nc3 e6 4. d4 cxd4 5. Nxd4 Qc7 6. g3 Nf6 7. Bg2 Nc6 8. O-O
Nxd4 9. Qxd4 Bc5 10. Qd3 O-O 11. Bf4 Qa5 12. e5 Nh5 13. Bd2 Qc7 14. Rae1 g6 15.
Ne4 Be7 16. Bh6 Rd8 17. g4 Ng7 18. Nf6+ Kh8 19. Qh3 Bxf6 20. exf6 Ne8 21. Bg5 d5
22. Qh6 Qd6 23. Re3 1-0

[Event "Titled Tue 3rd Jan Late"]
[Site "chess.com INT"]
[Date "2025.06.03"]
[Round "10"]
[White "Medina Paz, Miguel"]
[Black "Matta, Vinay Kumar"]
[Result "0-1"]
[WhiteTitle "IM"]
[BlackTitle "FM"]
[WhiteElo "2368"]
[BlackElo "2120"]
[WhiteFideId "7300379"]
[BlackFideId "5016649"]
[EventDate "2025.06.03"]

1. d4 Nf6 2. c4 g6 3. Nc3 Bg7 4. e4 d6 5. Be2 O-O 6. Bg5 c5 7. d5 e6 8. Nf3 exd5
9. cxd5 Re8 10. Nd2 h6 11. Bf4 Na6 12. O-O Nc7 13. a4 b6 14. f3 Nh5 15. Be3 Bxc3
16. bxc3 Nxd5 17. Bxh6 Nxc3 18. Qe1 g5 19. h4 gxh4 20. Bd3 Qf6 21. Qe3 Ng3 22.
Rf2 Nce2+ 23. Kh2 Qxa1 24. Qg5+ Kh8 25. Qxh4 Qh1# 0-1

[Event "Titled Tue 3rd Jan Late"]
[Site "chess.com INT"]
[Date "2025.06.03"]
[Round "10"]
[White "Crispin Ferreras, Darvi Abraham"]
[Black "Thorhallsson, Simon"]
[Result "0-1"]
[WhiteTitle "CM"]
[BlackTitle "FM"]
[WhiteElo "2124"]
[BlackElo "2218"]
[WhiteFideId "6402771"]
[BlackFideId "2310090"]
[EventDate "2025.06.03"]

1. d4 g6 2. c4 Bg7 3. Nc3 d6 4. e4 e5 5. d5 a5 6. Nge2 Na6 7. Be3 f5 8. f3 Bh6
9. Qd2 Bxe3 10. Qxe3 Qh4+ 11. g3 Qh6 12. Qxh6 Nxh6 13. O-O-O O-O 14. Bg2 Bd7 15.
Rhf1 Nc5 16. Kc2 fxe4 17. fxe4 Ng4 18. Kd2 Nxh2 19. Rh1 Ng4 20. Bh3 Nf2 21. Bxd7
Nxd7 22. Nb5 Nxh1 23. Rxh1 Rac8 24. Ke3 Nc5 25. b3 Rf6 26. Rd1 Rf7 27. Nec3 Rcf8
28. Kd2 Na6 29. a3 Rf2+ 30. Kc1 Rg2 31. c5 Nxc5 32. Nxc7 Rff2 33. N3b5 Nxb3+ 0-1